| 000 | 00862nam a22002537a 4500 | ||
|---|---|---|---|
| 003 | dpl | ||
| 005 | 20180807123125.0 | ||
| 008 | 180807b xxu||||| |||| 00| 0 eng d | ||
| 010 | _aA-945438 | ||
| 020 |
_c00.00 _a8173912718 |
||
| 035 | _aA-945438, A-945442 | ||
| 037 | _bCen Lib/Ret | ||
| 040 |
_aDPL _bEN _c0 |
||
| 082 |
_a305.4095454 _bNAY |
||
| 100 |
_aNayak,Utpala _97679 |
||
| 245 |
_aWomen's development and social conflicts : _cby Utpala Nayak _bhistorical perspectives on India women (study in Orissa) / |
||
| 260 |
_aNew Delhi _bKanishka publishers _c1999 |
||
| 270 |
_a4697/5-21A,Ansari road Darya Ganj _bNew Delhi _e110002 |
||
| 300 |
_aXIV,327p. : _c21cm(Hb) _bill. |
||
| 500 | _aIncludes index | ||
| 650 |
_aWomen in development -- India _918373 |
||
| 650 |
_aFeminism -- India _973807 |
||
| 942 |
_2ddc _cEN _h305.4095454 _mNAY |
||
| 999 |
_c123684 _d123684 |
||